Biblioteka Instytutu Północnego w Olsztynie

Widok standardowy Widok MARC

Pozycja Corporate Name

Liczba rekordów, w których użyto hasła: 1

001 - Numer kontrolny

  • control field: 40626

003 - Identyfikator numeru kontrolnego

  • control field: NUKAT

005 - Data i czas ostatniej modyfikacji

  • control field: 20260427110316.0

008 - Dane kontrolne kodowane (40 znaków)

  • fixed length control field: 151027n||azznnbabn |a ana |

010 ## - Numer kontrolny Biblioteki Kongresu

  • numer kontrolny LC: p 2015146051

024 7# - OTHER STANDARD IDENTIFIER

  • Standard number or code: 72145066490466590165
  • Source of number or code: viaf

035 ## - Numer systemowy

  • numer systemowy: (PL)a0000003279366

035 ## - Numer systemowy

  • numer systemowy: a32793662

040 ## - Instytucja sporządzająca rekord

  • inst. przygot. dane do rek. khw: WA N
  • język haseł przedmiotowych/tezaurus: DBN
  • inst. wprow. rek. khw: WA N

110 2# - Hasło - nazwa ciała zbiorowego

  • nazwa ciała zbior. lub geogr. na pocz.: Związek Odwetu

410 2# - Trop zob. - nazwa ciała zbiorowego

  • nazwa ciała zbior. lub geogr. na pocz.: ZO (1940)

510 2# - Trop zob. też - nazwa ciała zbiorowego

  • nazwa ciała zbior. lub geogr. na pocz.: Armia Krajowa (AK)

550 ## - Trop zob. też - nazwa pospolita

  • nazwa posp. lub nazwa geogr. na pocz.: Akcja "Bollwerk" (1942)

550 ## - Trop zob. też - nazwa pospolita

  • nazwa posp. lub nazwa geogr. na pocz.: Akcja "Wieniec" (1942)

665 ## - Nota historyczna

  • nota historyczna: Organizacja wojskowa sabotażowo-dywersyjna Związku Walki Zbrojnej powst. 20 kwietnia 1940 r. Po utworzeniu Armii Krajowej Związek Odwetu wszedł w skład Kedywu.

670 ## - Źródło informacji

  • źródło informacji: Wikipedia
Biblioteka Instytutu Północnego, ul. Partyzantów 87, 10-402 Olsztyn, email: biblioteka(at)ip.olsztyn.pl